| 000 | 00649nam a22001457a 4500 | ||
|---|---|---|---|
| 999 |
_c80276 _d80276 |
||
| 008 | 201130b ||||| |||| 00| 0 eng d | ||
| 040 |
_bger _cSTAFF _erda _aSTAFF |
||
| 100 | _aMatthes, Ina | ||
| 245 |
_a"Man muss Geduld haben" : _bIntegration: Wie ein junger Frankfurter mit Handicap einen Job fand. Info-Kampagne in der "Woche der Menschen mit Behinderung" soll helfen, Vorurteile abzubauen. / _cIna Matthes |
||
| 773 |
_dFrankfurt (Oder): Märkisches Verlags- und Druckhaus GmbH & Co KG _g31. Jahrgang (2020) Nr. 282 vom 03.12.2020, S. 7 _tMärkische Oderzeitung |
||
| 942 | _cA | ||